| 000 | 003680000a22001090004500 | ||
|---|---|---|---|
| 090 |
_aAR _b04431 |
||
| 245 | 1 | 0 | _aRevision of the family y Sepsidae of the neotropical region II. the genus Meropliosepsis Duda, 1926 (diptera, Schizophora) |
| 041 | 0 | _aInglés | |
| 100 | 1 |
_aSilva, Vera Cristina _998313 |
|
| 942 | _cARTICULO | ||
| 773 | 1 |
_tRevta bras. Ent. _h3 _q549-552 _d1992 _g36 |
|
| 999 |
_c13529 _d13529 |
||